000 00540nam a2200205Ia 4500
003 OSt
005 20230411141419.0
008 210423s2011 xx 000 0 und d
040 _cAL
041 _aeng
082 _a658.3
_223
_bVENH
100 _aVENKATARAMANA (K)
_986154
245 _aHuman resource management
260 _aBangalore
_bSeven hills book publications
_c2011
300 _axiv,322
_bPB
365 _b180
_cINR
650 _aPersonnel Management
_986155
906 _aHuman ; management ; resource
942 _2ddc
_cBK
999 _c169632
_d169632